Statistics for Cities by Greek Spelling

Click here to take the quiz!

General Stats

  • This quiz has been taken 428 times
  • The average score is 21 of 30

Answer Stats

Greek English % Correct
ΤορόντοToronto
96%
ΜελβούρνηMelbourne
94%
Σάο ΠάολοSão Paulo
91%
ΖυρίχηZurich
90%
ΒοστώνηBoston
85%
Πόλη του ΜεξικούMexico City
83%
ΜόσχαMoscow
82%
ΛονδίνοLondon
81%
ΜαδρίτηMadrid
80%
ΔουβλίνοDublin
79%
ΒαρκελώνηBarcelona
77%
ΚοπεγχάγηCopenhagen
76%
ΒιέννηVienna
75%
ΚωνσταντινούποληIstanbul
74%
ΆμστερνταμAmsterdam
73%
ΛισαβόναLisbon
73%
ΣικάγοChicago
71%
ΜουμπάιMumbai
71%
ΤζακάρταJakarta
69%
ΒρυξέλλεςBrussels
69%
ΠεκίνοBeijing
66%
ΦραγκφούρτηFrankfurt
66%
Χονγκ ΚονγκHong Kong
63%
ΓενεύηGeneva
56%
ΝτάλαςDallas
54%
ΟυάσιγκτονWashington
53%
ΓιοχάνεσμπουργκJohannesburg
50%
ΒαρσοβίαWarsaw
49%
ΝτουμπάιDubai
47%
ΣαγκάηShanghai
36%

Score Distribution

Percentile by Number Answered

Percent of People with Each Score

Your Score History

You have not taken this quiz